• 首页
  • 本馆介绍
  • 公告通知
  • 最新文献
  • 馆藏检索
  • 电子资源
  • 读者导购
  • 参考咨询
  • 我的图书馆
  • 登录
  • 详细信息显示
  • 放入我的书架
  • 预约/预借图书
  • 作者相关作品
  • 分类相关作品
  • 丛书相关作品
  • 出版社相关作品

书目信息

  • 表格格式
  • 工作单格式
  • 卡片格式
题名:
俄罗斯文化艺术
    
 
作者: 张平 编著
分册:  
出版信息: 北京   国防工业出版社  2015
页数: 292页
开本: 21cm
丛书名:
单 册:
中图分类: H359.4 , K512.03
科图分类:
主题词: 俄语--e yu--语言读物 , 文化史--wen hua shi--研究--俄罗斯--语言读物
电子资源:
ISBN: 978-7-118-10185-0
000 01130nam0 22002891 450
001 0116132747
005 20161219101730.51
010    @a978-7-118-10185-0@dCNY48.00
100    @a20150822d2015 em y0chiy50 ea
101 0  @arus
102    @aCN@b110000
105    @ay a 000yy
106    @ar
200 1  @a俄罗斯文化艺术@9e luo si wen hua yi shu@dРусская культура и искусство@f张平编著@zrus
210    @a北京@c国防工业出版社@d2015
215    @a292页@d21cm
300    @a正文为俄文 昆明理工大学社会科学学院出版基金资助
320    @a有书目 (第292页)
330    @a本书共六个部分,分别讲述俄罗斯哲学、俄罗斯教育、俄罗斯音乐、俄罗斯戏剧、俄罗斯电影和俄罗斯绘画等具有代表性的文化艺术现象,找寻俄罗斯文化艺术发展的历史脉络,解读俄罗斯文化艺术形成、发展及主要特征和内涵。
510 1  @aРусская культура и искусство@zrus
606 0  @a俄语@9e yu@j语言读物
606 0  @a文化史@9wen hua shi@x研究@y俄罗斯@j语言读物
690    @aH359.4@v5
690    @aK512.03@v5
701  0 @a张平@9zhang ping@4编著
801  0 @aCN@bTANGWEI@c20161216
905    @b0952819-23@dH359.4@e257@f5
    
    俄罗斯文化艺术=Русская культура и искусство/张平编著.-北京:国防工业出版社,2015
    292页;21cm
    正文为俄文 昆明理工大学社会科学学院出版基金资助
    
    ISBN 978-7-118-10185-0:CNY48.00
    本书共六个部分,分别讲述俄罗斯哲学、俄罗斯教育、俄罗斯音乐、俄罗斯戏剧、俄罗斯电影和俄罗斯绘画等具有代表性的文化艺术现象,找寻俄罗斯文化艺术发展的历史脉络,解读俄罗斯文化艺术形成、发展及主要特征和内涵。
●
相关链接 在E读中查询图书 在五车中查询图书 在当当中查询图书 在豆瓣中查询图书


正题名:俄罗斯文化艺术     索取号:H359.4/257         预约/预借

序号 登录号 条形码 馆藏地/架位号 状态 备注
1 0952819   209528199   第二样本阅览室/ [索取号:H359.4/257] 在馆    
2 0952820   209528206   第四借阅区/ [索取号:H359.4/257] 在馆    
3 0952821   209528215   第四借阅区/ [索取号:H359.4/257] 在馆    
4 0952822   209528224   第四借阅区/ [索取号:H359.4/257] 在馆    
5 0952823   209528233   第四借阅区/ [索取号:H359.4/257] 在馆    
唐山师范学院图书馆 欢迎您!
大连网信软件有限公司© 版权所有